| 000 | 00748nam a2200205 a 4500 | ||
|---|---|---|---|
| 005 | 20240702063841.0 | ||
| 008 | 991125s1977 es 000 0 spa u | ||
| 020 | _a8472224864 | ||
| 035 | _aUPN01000017629 | ||
| 049 | _aCG | ||
| 050 | 4 |
_aLA843.7 _bS9.38 |
|
| 100 | 1 |
_aSuchodolski, Bogdan, _d1907-1992 _931234 |
|
| 245 | 1 | 3 |
_aLa educación humana del hombre : _bde la filosofía del hombre y la civilización a los nuevos fundamentos pedagógicos de la época de las revoluciones / _cBogdan Suchodolski ; tr. Melitón Bustamante. |
| 260 |
_aBarcelona, [Esp.] : _bLaia, _c1977. |
||
| 300 | _a534 p. | ||
| 440 | 0 |
_aPapel 451. _pPedagogía ; _v38 |
|
| 650 | 4 |
_aEDUCACION - _zPOLONIA _915606 |
|
| 650 | 4 |
_aEducación comunitaria _913598 |
|
| 905 | _aLibro | ||
| 999 |
_c17629 _d17629 |
||